<?xml version="1.0" encoding="UTF-8"?>
<record
    xmlns:xsi="http://www.w3.org/2001/XMLSchema-instance"
    xsi:schemaLocation="http://www.loc.gov/MARC21/slim http://www.loc.gov/standards/marcxml/schema/MARC21slim.xsd"
    xmlns="http://www.loc.gov/MARC21/slim">

  <leader>01503nam a22002657a 4500</leader>
  <controlfield tag="005">20120321105921.0</controlfield>
  <datafield tag="010" ind1=" " ind2=" ">
    <subfield code="a">B447950-954</subfield>
  </datafield>
  <datafield tag="020" ind1=" " ind2=" ">
    <subfield code="a">9780143065906</subfield>
    <subfield code="c">250.00</subfield>
  </datafield>
  <datafield tag="035" ind1=" " ind2=" ">
    <subfield code="a">B-447950-954</subfield>
  </datafield>
  <datafield tag="037" ind1=" " ind2=" ">
    <subfield code="b">BPPD/KKP</subfield>
  </datafield>
  <datafield tag="082" ind1=" " ind2=" ">
    <subfield code="a">921</subfield>
  </datafield>
  <datafield tag="100" ind1=" " ind2=" ">
    <subfield code="a">Omvedt, Gail</subfield>
    <subfield code="9">44528</subfield>
  </datafield>
  <datafield tag="245" ind1=" " ind2=" ">
    <subfield code="a">Ambedkar :</subfield>
    <subfield code="b">towards an enlightened India /</subfield>
    <subfield code="c">by Gail Omvedt</subfield>
  </datafield>
  <datafield tag="260" ind1=" " ind2=" ">
    <subfield code="a">New Delhi</subfield>
    <subfield code="b">Penguin Books</subfield>
    <subfield code="c">2004</subfield>
  </datafield>
  <datafield tag="270" ind1=" " ind2=" ">
    <subfield code="a">11,Community Centre,panchsheel Park,</subfield>
    <subfield code="b">New Delhi</subfield>
    <subfield code="e">110017</subfield>
  </datafield>
  <datafield tag="300" ind1=" " ind2=" ">
    <subfield code="a">xii,167p.</subfield>
    <subfield code="c">18cm(pbk)</subfield>
  </datafield>
  <datafield tag="500" ind1=" " ind2=" ">
    <subfield code="a">Includes index  and  bibliographical references</subfield>
  </datafield>
  <datafield tag="942" ind1=" " ind2=" ">
    <subfield code="2">ddc</subfield>
    <subfield code="c">EN</subfield>
    <subfield code="m">OMV</subfield>
    <subfield code="k">921</subfield>
  </datafield>
  <datafield tag="999" ind1=" " ind2=" ">
    <subfield code="c">64198</subfield>
    <subfield code="d">64198</subfield>
  </datafield>
  <datafield tag="952" ind1=" " ind2=" ">
    <subfield code="0">1</subfield>
    <subfield code="1">5</subfield>
    <subfield code="4">0</subfield>
    <subfield code="7">0</subfield>
    <subfield code="8">NFIC</subfield>
    <subfield code="a">L</subfield>
    <subfield code="b">L</subfield>
    <subfield code="d">2012-03-29</subfield>
    <subfield code="e">KKP/22/23.9.11/BL1318/23.9.11/9.11.11</subfield>
    <subfield code="g">250.00</subfield>
    <subfield code="l">0</subfield>
    <subfield code="o">921-OMV</subfield>
    <subfield code="p">B-447950</subfield>
    <subfield code="r">2012-03-29 00:00:00</subfield>
    <subfield code="t">1</subfield>
    <subfield code="v">250.00</subfield>
    <subfield code="y">EN</subfield>
  </datafield>
  <datafield tag="952" ind1=" " ind2=" ">
    <subfield code="0">0</subfield>
    <subfield code="1">0</subfield>
    <subfield code="4">0</subfield>
    <subfield code="7">0</subfield>
    <subfield code="8">NFIC</subfield>
    <subfield code="a">BL1</subfield>
    <subfield code="b">BL1</subfield>
    <subfield code="d">2012-03-29</subfield>
    <subfield code="e">KKP/22/23.9.11/BL1318/23.9.11/9.11.11</subfield>
    <subfield code="g">250.00</subfield>
    <subfield code="l">0</subfield>
    <subfield code="o">921-OMV</subfield>
    <subfield code="p">B-447951</subfield>
    <subfield code="r">2012-03-29 00:00:00</subfield>
    <subfield code="t">1</subfield>
    <subfield code="v">250.00</subfield>
    <subfield code="w">2012-03-29</subfield>
    <subfield code="y">EN</subfield>
  </datafield>
  <datafield tag="952" ind1=" " ind2=" ">
    <subfield code="0">0</subfield>
    <subfield code="1">0</subfield>
    <subfield code="4">0</subfield>
    <subfield code="7">0</subfield>
    <subfield code="8">NFIC</subfield>
    <subfield code="a">ZLS</subfield>
    <subfield code="b">ZLS</subfield>
    <subfield code="d">2012-03-29</subfield>
    <subfield code="e">KKP/22/23.9.11/BL1318/23.9.11/9.11.11</subfield>
    <subfield code="g">250.00</subfield>
    <subfield code="l">12</subfield>
    <subfield code="m">7</subfield>
    <subfield code="o">921-OMV</subfield>
    <subfield code="p">B-447952</subfield>
    <subfield code="r">2023-05-20 00:00:00</subfield>
    <subfield code="s">2023-05-08</subfield>
    <subfield code="t">1</subfield>
    <subfield code="v">250.00</subfield>
    <subfield code="w">2012-03-29</subfield>
    <subfield code="y">EN</subfield>
  </datafield>
  <datafield tag="952" ind1=" " ind2=" ">
    <subfield code="0">0</subfield>
    <subfield code="1">0</subfield>
    <subfield code="4">0</subfield>
    <subfield code="7">0</subfield>
    <subfield code="8">NFIC</subfield>
    <subfield code="a">BN</subfield>
    <subfield code="b">BN</subfield>
    <subfield code="d">2012-03-29</subfield>
    <subfield code="e">KKP/22/23.9.11/BL1318/23.9.11/9.11.11</subfield>
    <subfield code="g">250.00</subfield>
    <subfield code="l">3</subfield>
    <subfield code="o">921-OMV</subfield>
    <subfield code="p">B-447953</subfield>
    <subfield code="r">2024-02-21 00:00:00</subfield>
    <subfield code="s">2024-01-29</subfield>
    <subfield code="t">1</subfield>
    <subfield code="v">250.00</subfield>
    <subfield code="y">EN</subfield>
  </datafield>
  <datafield tag="952" ind1=" " ind2=" ">
    <subfield code="0">0</subfield>
    <subfield code="1">0</subfield>
    <subfield code="4">0</subfield>
    <subfield code="7">0</subfield>
    <subfield code="8">NFIC</subfield>
    <subfield code="a">BL4</subfield>
    <subfield code="b">BL4</subfield>
    <subfield code="d">2012-03-29</subfield>
    <subfield code="e">KKP/22/23.9.11/BL1318/23.9.11/9.11.11</subfield>
    <subfield code="g">250.00</subfield>
    <subfield code="l">21</subfield>
    <subfield code="m">8</subfield>
    <subfield code="o">921-OMV</subfield>
    <subfield code="p">B-447954</subfield>
    <subfield code="r">2024-05-22 00:00:00</subfield>
    <subfield code="s">2024-05-08</subfield>
    <subfield code="t">1</subfield>
    <subfield code="v">250.00</subfield>
    <subfield code="w">2012-03-29</subfield>
    <subfield code="y">EN</subfield>
  </datafield>
</record>
